Modernisation des hommes : l'exemple du Sénégal

Zapisane w:
Opis bibliograficzny
1. autor: Fougeyrollas, Pierre
Format: Książka
Język:Undetermined
Wydane: Paris Flammarion 1967
Hasła przedmiotowe:
Etykiety: Dodaj etykietę
Nie ma etykietki, Dołącz pierwszą etykiete!
Thư viện lưu trữ: Trung tâm Học liệu Trường Đại học Cần Thơ
LEADER 00519nam a2200193Ia 4500
001 CTU_82137
008 210402s9999 xx 000 0 und d
082 |a 916.63 
082 |b F765 
100 |a Fougeyrollas, Pierre 
245 0 |a Modernisation des hommes : 
245 0 |b l'exemple du Sénégal 
245 0 |c Pierre Fougeyrollas 
260 |a Paris 
260 |b Flammarion 
260 |c 1967 
650 |a Social conditions 
904 |i Trọng Hải 
980 |a Trung tâm Học liệu Trường Đại học Cần Thơ